Vista normal
Vista MARC
Entrada Personal Name
Número de registros utilizados en: 4
001 - CONTROL NUMBER
- control field: 36645
003 - CONTROL NUMBER IDENTIFIER
- control field: OSt
005 - DATE AND TIME OF LATEST TRANSACTION
- control field: 20210406182456.0
008 - FIXED-LENGTH DATA ELEMENTS
- fixed length control field: 210406|| aca||aabn | a|a d
040 ## - CATALOGING SOURCE
- Original cataloging agency: OSt
- Transcribing agency: OSt
100 ## - HEADING--PERSONAL NAME
- Personal name: Fainboim, Israel
670 ## - SOURCE DATA FOUND
- Source citation: Work cat.: (OSt): Fainboim, Israel, editor, Planeación urbana e instituciones presupuestales / , 2000